| 000 | 00000nam 2200000za 4500 |
| 001 | 9.833024 |
| 003 | CaOODSP |
| 005 | 20221107150126 |
| 007 | cr ||||||||||| |
| 008 | 170224s19621964onc #os f00| 0 eng d |
| 040 | |aCaOODSP|beng |
| 041 | |aeng|afre |
| 043 | |an-cn--- |
| 086 | 1 |aCS92-515/1961-PDF |
| 086 | 1 |aCS92-516/1961-PDF |
| 086 | 1 |aCS92-517/1961-PDF |
| 086 | 1 |aCS92-518/1961-PDF |
| 086 | 1 |aCS92-519/1961-PDF |
| 086 | 1 |aCS92-520/1961-PDF |
| 086 | 1 |aCS92-521/1961-PDF |
| 086 | 1 |aCS92-522/1961-PDF |
| 086 | 1 |aCS92-523/1961-PDF |
| 086 | 1 |aCS92-524/1961-PDF |
| 086 | 1 |aCS93-509/1961-PDF |
| 086 | 1 |aCS94-500/1961-PDF |
| 086 | 1 |aCS97-545/1961-PDF |
| 086 | 1 |aCS97-546/1961-PDF |
| 086 | 1 |aCS97-547/1961-PDF |
| 245 | 00|aCensus of Canada, 1961 |h[electronic resource] : |badvance report = Recensement du Canada, 1961 : rapport anticipé. |
| 246 | 11|aRecensement du Canada, 1961 : |brapport anticipé |
| 260 | |a[Ottawa] : |bDominion Bureau of Statistics = Bureau fédéral de la statistique, |c1962-1964. |
| 300 | |a15 v. |
| 500 | |aChiefly tables. |
| 500 | |aCaption title. |
| 500 | |aDigitized edition from print [produced by Statistics Canada]. |
| 500 | |aCovers advance reports AM-1 to AM-3, AP-1 to AP-10, AH-1, AL-1. |
| 505 | 0 |a92-515. Population of electoral districts -- 92-516. Population of counties and census divisions -- 92-517. Population of urban centres of 5,000 and over -- 92-518. Population: rural and urban distribution -- 92-519. Population by specified age groups -- 92-520. Population by marital status -- 92-521. Population by specified ethnic groups -- 92-522. Population by specified religious denominations -- 92-523. Population by official language and mother tongue -- 92-524. Population by citizenship, birthplace and period of immigration -- 93-509. Summary housing characteristics -- 94-500. Summary labour force characteristics -- 97-545. Retail trade by county or census division and cities over 30,000 population, 1961 -- 97-546. Retail trade by kind of business, Canada and the provinces, 1961 -- 97-547. Retail trade by kind of business group, for counties or census divisions and cities of 30,000 population and over, 1961. |
| 546 | |aText in English and French. |
| 692 | 07|2gccst|aCensus |
| 710 | 1 |aCanada. |bDominion Bureau of Statistics. |
| 740 | 02|aPopulation of electoral districts. |
| 740 | 02|aPopulation of counties and census divisions. |
| 740 | 02|aPopulation of urban centres of 5,000 and over. |
| 740 | 02|aPopulation: rural and urban distribution. |
| 740 | 02|aPopulation by specified age groups. |
| 740 | 02|aPopulation by marital status. |
| 740 | 02|aPopulation by specified ethnic groups. |
| 740 | 02|aPopulation by specified religious denominations. |
| 740 | 02|aPopulation by official language and mother tongue. |
| 740 | 02|aPopulation by citizenship, birthplace and period of immigration. |
| 740 | 02|aSummary housing characteristics. |
| 740 | 02|aSummary labour force characteristics. |
| 740 | 02|aRetail trade by county or census division and cities over 30,000 population, 1961. |
| 740 | 02|aRetail trade by kind of business, Canada and the provinces, 1961. |
| 740 | 02|aRetail trade by kind of business group, for counties or census divisions and cities of 30,000 population and over, 1961. |
| 792 | |tCensus of Canada, 1961 |efre|w(CaOODSP)9.833076 |
| 856 | 40|qPDF|s216 KB|uhttps://publications.gc.ca/collections/collection_2017/statcan/CS92-515-1961.pdf|zPopulation of electoral districts |
| 856 | 40|qPDF|s197 KB|uhttps://publications.gc.ca/collections/collection_2017/statcan/CS92-516-1961.pdf|zPopulation of counties and census divisions |
| 856 | 40|qPDF|s268 KB|uhttps://publications.gc.ca/collections/collection_2017/statcan/CS92-517-1961.pdf|zPopulation of urban centres of 5,000 and over |
| 856 | 40|qPDF|s344 KB|uhttps://publications.gc.ca/collections/collection_2017/statcan/CS92-518-1961.pdf|zPopulation: rural and urban distribution |
| 856 | 40|qPDF|s591 KB|uhttps://publications.gc.ca/collections/collection_2017/statcan/CS92-519-1961.pdf|zPopulation by specified age groups |
| 856 | 40|qPDF|s452 KB|uhttps://publications.gc.ca/collections/collection_2017/statcan/CS92-520-1961.pdf|zPopulation by marital status |
| 856 | 40|qPDF|s597 KB|uhttps://publications.gc.ca/collections/collection_2017/statcan/CS92-521-1961.pdf|zPopulation by specified ethnic groups |
| 856 | 40|qPDF|s564 KB|uhttps://publications.gc.ca/collections/collection_2017/statcan/CS92-522-1961.pdf|zPopulation by specified religious denominations |
| 856 | 40|qPDF|s486 KB|uhttps://publications.gc.ca/collections/collection_2017/statcan/CS92-523-1961.pdf|zPopulation by official language and mother tongue |
| 856 | 40|qPDF|s587 KB|uhttps://publications.gc.ca/collections/collection_2017/statcan/CS92-524-1961.pdf|zPopulation by citizenship, birthplace and period of immigration |
| 856 | 40|qPDF|s1.08 MB|uhttps://publications.gc.ca/collections/collection_2017/statcan/CS93-509-1961.pdf|zSummary housing characteristics |
| 856 | 40|qPDF|s534 KB|uhttps://publications.gc.ca/collections/collection_2017/statcan/CS94-500-1961.pdf|zSummary labour force characteristics |
| 856 | 40|qPDF|s197 KB|uhttps://publications.gc.ca/collections/collection_2017/statcan/CS97-545-1961.pdf|zRetail trade by county or census division and cities over 30,000 population, 1961 |
| 856 | 40|qPDF|s603 KB|uhttps://publications.gc.ca/collections/collection_2017/statcan/CS97-546-1961.pdf|zRetail trade by kind of business, Canada and the provinces, 1961 |
| 856 | 40|qPDF|s320 KB|uhttps://publications.gc.ca/collections/collection_2017/statcan/CS97-547-1961.pdf|zRetail trade by kind of business group, for counties or census divisions and cities of 30,000 population and over, 1961 |